SEEING WHAT OTHERS DON T THE REMARKABLE (Record no. 23956)

MARC details
000 -LEADER
fixed length control field 00330nam a2200133Ia 4500
008 - FIXED-LENGTH DATA ELEMENTS--GENERAL INFORMATION
fixed length control field 240624s9999 xx 000 0 und d
041 ## - LANGUAGE CODE
Language code of text/sound track or separate title eng
082 ## - DEWEY DECIMAL CLASSIFICATION NUMBER
Classification number 153.4 KLE
100 ## - MAIN ENTRY--PERSONAL NAME
Personal name KLEIN GARY
245 ## - TITLE STATEMENT
Title SEEING WHAT OTHERS DON T THE REMARKABLE
260 ## - PUBLICATION, DISTRIBUTION, ETC.
Date of publication, distribution, etc. 2013
Place of publication, distribution, etc. London
Name of publisher, distributor, etc. Public Affairs
300 ## - PHYSICAL DESCRIPTION
Extent 304 : p.
365 ## - TRADE PRICE
Currency code RS
Price amount 25
Holdings
Withdrawn status Lost status Damaged status Not for loan Home library Current library Shelving location Date acquired Source of acquisition Cost, normal purchase price Total Checkouts Full call number Barcode Date due Date last seen Date last checked out Copy number Price effective from Koha item type
        IMTN IMTN Rack 2-B 01/06/2015 MB 895.00 4 153.4 KLE 23956 11/23/2025 11/13/2025 11/13/2025 1 06/24/2024 Books
Designed & Maintained by: LRC IMT Nagpur Contact: lrc@imtnag.ac.in© 2024. All Rights Reserved.